00340nam a2200109Ia 45000010005000000080041000050200022000460820018000681000034000862450079001202600031001992506241024s9999 xx 000 0 und d a978-9945-020-77-9 aRD/320.5/J61l aJuan Isidro Jimenes Grullón 0aLuchemos por nuestra América ideas y doctrinas políticas contemporanea bEditora Alfa & Omegac2009